书目信息 |
| 题名: |
房地产权属法律法规
|
|
| 作者: | 建设部住宅与房地产业司 编 | |
| 分册: | ||
| 出版信息: | 北京 中国物价出版社 2000.11 |
|
| 页数: | 572页 | |
| 开本: | 20cm | |
| 丛书名: | 房地产产权产籍管理人员培训教材之一 | |
| 单 册: | ||
| 中图分类: | F293.33 | |
| 科图分类: | ||
| 主题词: | 城市经济 , 市政经济 | |
| 电子资源: | ||
| ISBN: | 7-80155-167-2 | |
| 000 | 00788nam0 2200229 45 | |
| 001 | 0259045045 | |
| 005 | 2002061016240441 | |
| 010 | @a7-80155-167-2@dRMB 26.00 | |
| 100 | @a20020610d2000 km y0chiy0120 ea | |
| 101 | 0 | @achi |
| 102 | @aCN@b110000 | |
| 200 | 1 | @a房地产权属法律法规@Afang di chan quan shu fa lu fa gui@f建设部住宅与房地产业司编@FJian She Bu Zhu Zhai Yu Fang Di Chan Ye Si Bian |
| 210 | @a北京@c中国物价出版社@d2000.11 | |
| 215 | @a572页@d20cm | |
| 225 | 2 | @a房地产产权产籍管理人员培训教材之一 |
| 461 | 0 | @12001 @a房地产产权产籍管理人员培训教材之一 |
| 606 | 0 | @a城市经济 |
| 606 | 0 | @a市政经济 |
| 690 | @aF293.33@v3 | |
| 701 | 0 | @a建设部住宅与房地产业司@AJian She Bu Zhu Zhai Yu Fang Di Chan Ye Si@4编 |
| 801 | 0 | @aCN@bPFT@c20020610 |
| 905 | @a安徽大学@dF293.33@eJ310:1 | |
| 房地产权属法律法规/建设部住宅与房地产业司编.-北京:中国物价出版社,2000.11 |
| 572页;20cm.-(房地产产权产籍管理人员培训教材之一) |
| ISBN 7-80155-167-2:RMB 26.00 |
| ● |
| 相关链接 |
|
|
|
正题名:房地产权属法律法规
索取号:F293.33/J310:1
 
预约/预借
| 序号 | 登录号 | 条形码 | 馆藏地/架位号 | 状态 | 备注 |
| 1 | 360350 | 203603500 | 社科库409/409社科库 104排2列4层/ [索取号:F293.33/J310:1] | 在馆 | |
| 2 | 360351 | 203603519 | 社科库409/409社科库 104排2列4层/ [索取号:F293.33/J310:1] | 在馆 | |
| 3 | 361655 | 203616550 | 社科库409/409社科库 104排2列4层/ [索取号:F293.33/J310:1] | 在馆 |